00000000nam##2200000za#4500
0019.613820
003CaOODSP
00520200401041741
007ta
008150406|1997||||xxc|||||     f|0| 0 eng|d
022 |a0706-6457
040 |aCaOODSP|beng
043 |an-cn---
0861 |aFs97-6/2167E
1101 |aCanada. |bDepartment of Fisheries and Oceans.
24510|aPhysical oceanography of the Richibucto Estuary (New Brunswick) : |bautumn conditions in 1995 / |cby André St-Hilaire et al.
260 |aOttawa - Ontario : |bFisheries and Oceans Canada |c1997.
300 |a28p. : |bfigs., graphs, references, tables ; |c28 cm.
4901 |aCanadian technical report of fisheries and aquatic sciences|x0706-6457|v2167
500 |aPrepared at Fisheries and Ocean Maritimes Region, Science Branch, Gulf Fisheries Centre, P.O. Box 5030, Moncton, New Brunswick E1C 9B6.
546 |aRésumés en français
563 |aSoftcover
590 |a97-19|b1997-05-09
7201 |aSt-Hilaire, André
7760#|tPhysical oceanography of the Richibucto Estuary (New Brunswick) : |w(CaOODSP)9.574151
830#0|aCanadian technical report of fisheries and aquatic sciences,|x0706-6457|v2167|w(CaOODSP)9.514691